| 000 | 00572nam a2200193Ia 4500 | ||
|---|---|---|---|
| 005 | 20250326144955.0 | ||
| 008 | 250326s9999 xx 000 0 und d | ||
| 020 | _a0-415-32193-X | ||
| 037 | _aTextbook | ||
| 040 |
_aFMSL _beng _cFMSL |
||
| 041 |
_aeng _2eng |
||
| 084 |
_aX64.1 P6 _qFMSL |
||
| 100 |
_aLacher H _9750410 |
||
| 245 | 0 |
_aBeyond globalization: capitalism, territoriality and the international relations of modernity _cLacher H |
|
| 260 |
_aNY _bNY, Routledge _c2006 |
||
| 300 | _a208p | ||
| 942 |
_cTB _hX64.1 P6 |
||
| 999 |
_c1305874 _d1305874 |
||